| 000 | 00783nam a2200205 a 4500 | ||
|---|---|---|---|
| 001 | 000025569 | ||
| 005 | 20250210091741.0 | ||
| 008 | 110216s1975 ag a r 000 | spa d | ||
| 040 |
_aDO-SdBNP _bspa _cBNPHU |
||
| 041 |
_aspa _heng _2Código de idioma MARC |
||
| 082 |
_a371.425 _bR476e |
||
| 100 | 1 |
_aRhodes, James A., _952255 |
|
| 240 | 0 |
_aVocational education and guidance : a system for the seventies _lEspañol |
|
| 245 | 1 | 0 |
_aEducación y orientación vocacionales / _cJames A. Rhodes ; versión castellana de Ana L. Laguzzi de Jones. |
| 260 |
_aBuenos Aires : _bPaidós, _c1975. |
||
| 300 |
_a170 p. : _bil. ; _c20 cm. |
||
| 534 |
_aTítulo original : _tVocational education and guidance : a system for the seventies |
||
| 650 | 0 |
_aEnseñanza vocacional _948659 |
|
| 049 | _aBNGR | ||
| 999 |
_c25061 _d25061 |
||